The economics of being a woman /

Bibliographic Details
Main Author: Ahern, Dee Dee
Other Authors: Bliss, Betsy, 1942-
Format: Book
Language:English
Published: New York : Macmillan, [1976]
Subjects:

MARC

Tag First Indicator Second Indicator Subfields
LEADER 00000pam a2200000 i 4500
001 in00000474413
005 20151012164420.0
008 760716s1976 nyu b 00110 eng
010 |a  76026509  
020 |a 002500610X 
035 |a (OCoLC)02373306 
035 |9 ABZ7573AM 
040 |a DLC  |c DLC  |d TXA  |d UtOrBLW 
043 |a n-us--- 
049 |a TXAM  |c [973256] 
050 0 0 |a HQ1426  |b .A35 
082 0 |a 332/.024 
100 1 |a Ahern, Dee Dee. 
245 1 4 |a The economics of being a woman /  |c Dee Dee Ahern, with Betsy Bliss. 
264 1 |a New York :  |b Macmillan,  |c [1976] 
264 4 |c ©1976 
300 |a xii, 212 pages ;  |c 22 cm. 
336 |a text  |b txt  |2 rdacontent 
337 |a unmediated  |b n  |2 rdamedia 
338 |a volume  |b nc  |2 rdacarrier 
504 |a Includes bibliographical references and indexes. 
650 0 |a Women  |z United States  |x Economic conditions. 
650 0 |a Finance, Personal. 
700 1 |a Bliss, Betsy,  |d 1942- 
999 |a MARS 
999 f f |s 9f848766-18a6-3e96-847b-ff7b8622634f  |i 79d7e69f-1857-3fbd-9c39-f34960ffbec1  |t 0 
952 f f |p ric  |a Texas A&M University  |b Rellis Campus  |c Joint Library Facility  |d Remote Storage  |t 0  |e HQ1426 .A35  |h Library of Congress classification  |i unmediated -- volume  |m A14802981673 
998 f f |a HQ1426 .A35  |t 0  |l Remote Storage